000
00316nam a2200133Ia 4500
005
20251222144743.0
008
251222s9999||||xx |||||||||||||| ||spa||
020
_a
88-211-7019-5
082
_a
225/M26
100
_a
Conferenza Episcopale Italiana
245
0
_a
Nuevo Testamento
264
_b
Marietti
942
_c
LIB
999
_c
19022
_d
19022